Beginning with the letter "J" - Statistics

General Stats
  • This quiz has been taken 35 times
  • The average score is 10 of 15
Answer Stats
Hint Answer % Correct
City that is holy to both Christians and Muslims Jerusalem
100%
7th month in the Gregorian Calendar named after the first Caesar July
94%
Country with a capital city of Amman Jordan
88%
Country made famous by Olympic bobsled team in the movie "Cool Runnings" Jamaica
85%
V.P. that became President after Kennedy was assassinated Johnson
82%
Mainland peninsula of Denmark Jutland
82%
City previously known as Batavia Jakarta
67%
Military or Political ruling group that maintains control by force Junta
61%
City in India that shares a name with horse-riding pants Jodhpur
58%
Large city in Rajahstan with an old "Pink City" Jaipur
55%
Roman "two-faced" God of doors/gates/transitions Janus
55%
City whose airport used to be Jan Smuts Johannesburg
52%
U.S. State capital of Missouri Jefferson City
45%
Underground/Tube/Subway line colored in gray on London Underground maps Jubilee
39%
City connected to Singapore by causeway Johor Bahru
6%
No matching quizzes found
Score Distribution
Percent of People with Each Score
Percentile by Number Answered
Your Score History
You have not taken this quiz